000 00679nam a2200217 i 4500
003 DO-SdBNP
005 20241129104951.0
007 ta
008 231121e199 dr ao||| |||| 00| p spa d
040 _aDO-SdBNP
_bspa
_cBNPHU
_erda
082 4 _axx
_bG943
_222
245 0 0 _aGuía de la ciudad colonial de Santo Domingo :
_bpatrimonio cultural del mundo /
264 1 _aSanto Domingo :
_bCorripio,
_c[año desconocido]
300 _a59 páginas :
_bIlustraciones, fotografías ;
_c22 cm.
336 _2rdacontent
_atexto
_btxt
337 _2rdamedia
_asin mediación
_bn
338 _2rdacarrier
_avolumen
_bnc
590 _aInventariado 2023 / DG
910 _aDG
942 _2ddc
_cLBS1
999 _c55570
_d55570